[Event "54th Groningen Open 2016"]
[Site "Groningen NED"]
[Date "2016.12.21"]
[Round "1.22"]
[White "Van Delft, Merijn"]
[Black "Theulings, Paul-Peter"]
[Result "1-0"]
[WhiteTitle "IM"]
[BlackTitle "CM"]
[WhiteElo "2376"]
[BlackElo "2097"]
[WhiteFideId "1004670"]
[BlackFideId "1002899"]
[EventDate "2016.12.21"]

1. e4 Nf6 2. e5 Nd5 3. d4 d6 4. c4 Nb6 5. exd6 exd6 6. Nc3 Be7 7. Bd3 Nc6 8.
Nge2 O-O 9. O-O Re8 10. b3 a5 11. a3 Bf6 12. Be3 a4 13. b4 d5 14. c5 Nc4 15.
Bxc4 dxc4 16. d5 Ne7 17. Rc1 Bf5 18. d6 cxd6 19. cxd6 Nc8 20. Qd5 Be6 21. Qxb7
Nxd6 22. Qf3 Nf5 23. Rfd1 Qc8 24. Bc5 Nh4 25. Qg3 Qb7 26. Nf4 Nf5 27. Qh3 Nh4
28. Nxe6 Rxe6 29. Nd5 Bd8 30. Nf4 Rh6 31. Qd7 Qxd7 32. Rxd7 Bf6 33. Rxc4 Re8 34.
Kf1 g5 35. Nd3 Ng6 36. h3 Nf8 37. Rd5 Ne6 38. Be3 Be7 39. Ke2 Rg6 40. Kd1 Ng7
41. Re4 Ne6 42. Bc5 Bf6 43. b5 Rb8 44. Ba7 Rb7 45. b6 1-0

[Event "54th Groningen Open 2016"]
[Site "Groningen NED"]
[Date "2016.12.21"]
[Round "1.23"]
[White "De Boer, Bas"]
[Black "Popov, Mikhail"]
[Result "0-1"]
[BlackTitle "FM"]
[WhiteElo "2093"]
[BlackElo "2369"]
[WhiteFideId "1050729"]
[BlackFideId "4146182"]
[EventDate "2016.12.21"]

1. d4 Nf6 2. c4 g6 3. g3 Bg7 4. Bg2 c5 5. Nf3 O-O 6. O-O d6 7. Nc3 Nc6 8. h3 Bf5
9. d5 Na5 10. Nd2 a6 11. e4 Bd7 12. a4 Ne8 13. Qc2 b5 14. axb5 axb5 15. Nxb5
Bxb5 16. cxb5 Nc7 17. b6 Nb5 18. Nc4 Nd4 19. Qd3 Nxc4 20. Rxa8 Qxa8 21. Qxc4 Rb8
22. Bd2 Rxb6 23. b4 Qa3 24. bxc5 dxc5 25. Kh2 Rb3 26. Be3 Rc3 27. Rb1 Be5 28.
Qf1 Rxe3 29. fxe3 Qxe3 30. Rd1 Qxg3+ 31. Kg1 Qe3+ 32. Qf2 Ne2+ 33. Kf1 Ng3+ 34.
Kg1 Qb3 35. Qf3 Qb2 36. Rd3 c4 37. Rd1 c3 0-1

[Event "54th Groningen Open 2016"]
[Site "Groningen NED"]
[Date "2016.12.21"]
[Round "1.24"]
[White "Warmerdam, Max"]
[Black "Boersma, Jan"]
[Result "1-0"]
[WhiteTitle "FM"]
[WhiteElo "2347"]
[BlackElo "2088"]
[WhiteFideId "1048104"]
[BlackFideId "1003267"]
[EventDate "2016.12.21"]

1. e4 c5 2. Nf3 g6 3. d4 cxd4 4. Nxd4 Nc6 5. Nc3 Bg7 6. Be3 Nf6 7. Bc4 O-O 8.
Bb3 Re8 9. O-O d6 10. h3 Bd7 11. a3 Rc8 12. Nxc6 Bxc6 13. Qf3 Rf8 14. Rad1 Qa5
15. Bd4 Nd7 16. Bxg7 Kxg7 17. Qe3 Qc5 18. Rd4 b5 19. Qd2 Nf6 20. Re1 a5 21. a4
e5 22. Rxd6 b4 23. Nd1 Nxe4 24. Rxe4 Bxe4 25. Ne3 Rc6 26. Rd7 h5 27. f3 Bf5 28.
Rd5 Qb6 29. Rb5 Rd6 30. Qf2 Qd8 31. Nxf5+ gxf5 32. Rxe5 Rd1+ 33. Kh2 Qd6 34. f4
Rd2 35. Qe3 Kf6 36. Qg3 1-0

[Event "54th Groningen Open 2016"]
[Site "Groningen NED"]
[Date "2016.12.21"]
[Round "1.25"]
[White "Willemsma, Abe"]
[Black "Hopman, Pieter"]
[Result "0-1"]
[BlackTitle "FM"]
[WhiteElo "2087"]
[BlackElo "2345"]
[WhiteFideId "1011561"]
[BlackFideId "1005669"]
[EventDate "2016.12.21"]

1. e4 d6 2. d4 Nf6 3. Nc3 e5 4. f4 exd4 5. Qxd4 Nc6 6. Bb5 Bd7 7. Qd3 g6 8. Nf3
Bg7 9. O-O O-O 10. f5 Nb4 11. Qc4 Nxc2 12. Bxd7 Qxd7 13. Rb1 Qc6 14. Qxc6 bxc6
15. a3 Nd7 16. Bg5 h6 17. Bd2 g5 18. g4 Rfe8 19. Rf2 Nd4 20. Kg2 Nxf3 21. Kxf3
Ne5+ 22. Kg3 Nc4 23. Bc1 Be5+ 24. Kf3 Rab8 25. Rc2 Rb3 26. Kg2 Reb8 0-1

[Event "54th Groningen Open 2016"]
[Site "Groningen NED"]
[Date "2016.12.21"]
[Round "1.26"]
[White "Maris, Ivo"]
[Black "Elgersma, Simon"]
[Result "1-0"]
[WhiteTitle "FM"]
[WhiteElo "2345"]
[BlackElo "2070"]
[WhiteFideId "1028146"]
[BlackFideId "1046101"]
[EventDate "2016.12.21"]

1. d4 Nf6 2. Bg5 e6 3. e3 c5 4. c3 d5 5. Nd2 cxd4 6. exd4 Bd6 7. Ngf3 Nbd7 8.
Bd3 O-O 9. O-O Re8 10. Re1 Qc7 11. Bh4 Rb8 12. a4 a6 13. Qc2 b5 14. axb5 axb5
15. b4 Rb6 16. Nb3 Ne4 17. Nc5 Ndf6 18. Ra5 Bd7 19. Bxf6 gxf6 20. Bxe4 dxe4 21.
Rxe4 f5 22. Re1 Bc6 23. Ne5 Bxe5 24. Rxe5 Bd5 25. Qe2 Qc6 26. Re3 Kh8 27. Ra7
Rg8 28. Rg3 Rxg3 29. hxg3 Kg7 30. Qe5+ Kg8 31. Qf6 Qe8 32. Re7 Qf8 1-0

[Event "54th Groningen Open 2016"]
[Site "Groningen NED"]
[Date "2016.12.21"]
[Round "1.28"]
[White "Schoppen, Casper"]
[Black "Krasenkova, Ilena"]
[Result "1/2-1/2"]
[BlackTitle "WIM"]
[WhiteElo "2337"]
[BlackElo "2045"]
[WhiteFideId "1046730"]
[BlackFideId "4119037"]
[EventDate "2016.12.21"]

1. e4 Nf6 2. e5 Nd5 3. d4 e6 4. Nf3 Be7 5. c4 Nb6 6. Bd3 d5 7. cxd5 Nxd5 8. Nc3
Nxc3 9. bxc3 c5 10. O-O Nc6 11. Rb1 O-O 12. dxc5 Bxc5 13. Bxh7+ Kxh7 14. Ng5+
Kg8 15. Qc2 g6 16. Ne4 Be7 17. Bh6 Nxe5 18. Rfd1 Qc7 19. Bxf8 Kxf8 20. Qd2 Ng4
21. Nd6 Bxd6 22. Qxd6+ Qxd6 23. Rxd6 Ke7 24. Rbd1 b6 25. Rd8 Nf6 26. f3 Nd5 27.
Rh8 b5 28. h4 Bb7 29. Rxa8 Bxa8 30. Rc1 Nb6 31. Kf2 Kd6 32. g4 Bd5 33. h5 gxh5
34. gxh5 Nd7 35. h6 Nf6 36. a3 Kc5 37. Rh1 a5 38. Ke3 e5 39. Rh5 Kc4 40. Rxe5
Be6 41. Kf4 Kxc3 42. Rxb5 a4 43. Ke5 Nh7 44. Rb8 Bb3 45. f4 Kb2 46. Rh8 Bc2 47.
f5 f6+ 48. Ke6 Bb3+ 49. Ke7 Ng5 50. Kxf6 Nf7 51. Kg7 Nxh6 52. Rxh6 Kxa3 53. Rb6
Ka2 54. f6 a3 55. Kh6 Bc4 56. Kg5 Ka1 57. Kf4 a2 58. Ke3 Bb3 59. Kf2 Bc4 60. Rb7
Bd5 61. Rb5 Bc4 62. Rb8 Bd5 63. Ke2 Bb3 64. Kf2 Bc4 65. Rb4 Bb3 66. Rb6 Bc4 67.
Ke3 Bb3 68. f7 Bxf7 69. Kd2 Bd5 70. Kc3 Be4 71. Rf6 Bc2 72. Rf2 Be4 73. Re2 Bg6
74. Rg2 Bf5 75. Rf2 Be4 76. Rf1+ Bb1 77. Rf4 Bh7 78. Rg4 Bf5 79. Rg5 Bc2 80.
Kxc2 1/2-1/2

[Event "54th Groningen Open 2016"]
[Site "Groningen NED"]
[Date "2016.12.21"]
[Round "1.29"]
[White "Lewin, Tammo"]
[Black "Vrolijk, Liam"]
[Result "0-1"]
[BlackTitle "FM"]
[WhiteElo "2041"]
[BlackElo "2332"]
[WhiteFideId "4668596"]
[BlackFideId "1048333"]
[EventDate "2016.12.21"]

1. Nc3 d5 2. e4 d4 3. Nce2 e5 4. Ng3 Be6 5. Nf3 Nd7 6. c3 c5 7. Bb5 Bd6 8. d3 f6
9. Nf5 Bf8 10. O-O g6 11. Ng3 Bg7 12. cxd4 cxd4 13. b3 Ne7 14. Bc4 Bxc4 15. bxc4
O-O 16. Nd2 Nc5 17. Nb3 Ne6 18. f4 exf4 19. Ne2 f5 20. Nxf4 Nxf4 21. Bxf4 fxe4
22. dxe4 Nc6 23. Qg4 Qc8 24. Qg3 b6 25. Rae1 Qe6 26. Nd2 Rae8 27. Nf3 Qxc4 28.
Rc1 Qb5 29. Ng5 h6 30. Nf3 Kh7 31. Bd6 Rf6 32. e5 Rfe6 33. Qh3 Kg8 34. Rxc6 Qxc6
35. Nxd4 Qd5 36. Nxe6 Qxe6 37. Qa3 a5 38. Qe3 0-1

[Event "54th Groningen Open 2016"]
[Site "Groningen NED"]
[Date "2016.12.21"]
[Round "1.30"]
[White "De Jong, Migchiel"]
[Black "De Boer, Eelke"]
[Result "1-0"]
[WhiteTitle "IM"]
[WhiteElo "2331"]
[BlackElo "2027"]
[WhiteFideId "1002848"]
[BlackFideId "1048120"]
[EventDate "2016.12.21"]

1. e4 e6 2. d4 d5 3. Nc3 Bb4 4. e5 c5 5. Bd2 Nh6 6. a3 Bxc3 7. Bxc3 b6 8. Bb5+
Bd7 9. Bd3 Nc6 10. Nf3 O-O 11. O-O c4 12. Be2 Nf5 13. g4 Nh4 14. Nxh4 Qxh4 15.
f4 Qd8 16. Be1 f5 17. exf6 Qxf6 18. c3 Be8 19. Bg3 Bg6 20. Bf3 Rad8 21. Qd2 Bd3
22. Rf2 b5 23. b4 a5 24. Re1 axb4 25. axb4 Rd7 26. Qe3 Nd8 27. f5 exf5 28. gxf5
Kh8 29. Bg4 Be4 30. Be5 Qh4 31. Rf4 Ne6 32. fxe6 Rxf4 33. exd7 Rxg4+ 34. Bg3 Qd8
35. Qf3 Rg6 36. Qf7 Rf6 37. Qe8+ Rf8 38. Qxf8+ Qxf8 39. Bc7 1-0

[Event "54th Groningen Open 2016"]
[Site "Groningen NED"]
[Date "2016.12.21"]
[Round "1.31"]
[White "Van Dael, Siem"]
[Black "Bao, Qilin"]
[Result "0-1"]
[WhiteElo "2017"]
[BlackElo "2331"]
[WhiteFideId "1049771"]
[BlackFideId "8605750"]
[EventDate "2016.12.21"]

1. e4 c5 2. Nf3 Nc6 3. d4 cxd4 4. Nxd4 Nf6 5. Nc3 d6 6. f3 e5 7. Ndb5 a6 8. Na3
b5 9. Nd5 Nxd5 10. Qxd5 Bb7 11. Be3 Be7 12. c3 O-O 13. Be2 Bh4+ 14. g3 Bg5 15.
Bxg5 Qxg5 16. Rd1 Rad8 17. O-O Qe3+ 18. Rf2 Qb6 19. Qd2 Ne7 20. c4 b4 21. Nc2 a5
22. Qe3 Qc5 23. Bd3 g6 24. b3 Kg7 25. g4 Qc7 26. Rg2 Nc6 27. Rg3 Nb8 28. Rd2 Na6
29. Rf2 Nc5 30. Ne1 Ne6 31. Ng2 Qc5 32. Qd2 f6 33. h4 Bc6 34. Ne3 Nf4 35. Ng2
Nxg2 36. Rxg2 a4 37. g5 fxg5 38. Qxg5 Rde8 39. h5 Rxf3 40. hxg6 h6 41. Qh4 Qe3
42. Be2 Rf4 0-1

[Event "54th Groningen Open 2016"]
[Site "Groningen NED"]
[Date "2016.12.21"]
[Round "1.32"]
[White "Colijn, Stefan"]
[Black "Li, Zhaoyang"]
[Result "1-0"]
[WhiteTitle "FM"]
[WhiteElo "2330"]
[BlackElo "2002"]
[WhiteFideId "1016199"]
[BlackFideId "8608237"]
[EventDate "2016.12.21"]

1. g3 Nf6 2. Bg2 g6 3. e4 e5 4. Ne2 Bg7 5. d4 exd4 6. Nxd4 O-O 7. Nc3 d6 8. O-O
Nbd7 9. h3 Re8 10. Nb3 Rb8 11. a4 b6 12. Re1 a6 13. Bf4 Bb7 14. Qc1 Ne5 15. Bh6
Bh8 16. Bg5 Qd7 17. Nd4 Nc6 18. Nde2 Nd8 19. Nf4 Ne6 20. Nxe6 Rxe6 21. h4 Ree8
22. Qf4 Nh5 23. Qd2 Nf6 24. Rad1 Qg4 25. Kh2 Qe6 26. f3 Qc4 27. Bf1 Qb4 28. Bxf6
Bxf6 29. Nd5 Qxd2+ 30. Rxd2 Bxd5 31. Rxd5 Bxb2 32. Bxa6 Re5 33. f4 Re6 34. Bc4
Re7 35. Kg2 Kf8 36. Kf3 f5 37. Bb5 Rxe4 38. Rxe4 fxe4+ 39. Kxe4 Ke7 40. h5 Rf8
41. hxg6 hxg6 42. Rg5 Rf6 43. Bd3 Ke6 44. Bc4+ Ke7 45. Bd5 Kd7 46. Kf3 Ke7 47.
Rg4 Kf8 48. Ke4 Bc3 49. Rh4 Kg7 50. Kd3 Be1 51. Rg4 Kh6 52. Be4 Re6 53. Kd4 Bd2
54. Kd5 Rf6 55. Bd3 g5 56. Rxg5 1-0

[Event "54th Groningen Open 2016"]
[Site "Groningen NED"]
[Date "2016.12.22"]
[Round "2.1"]
[White "Warmerdam, Max"]
[Black "Gao, Rui"]
[Result "1/2-1/2"]
[WhiteTitle "FM"]
[BlackTitle "GM"]
[WhiteElo "2347"]
[BlackElo "2551"]
[WhiteFideId "1048104"]
[BlackFideId "8602387"]
[EventDate "2016.12.21"]

1. e4 e5 2. Nf3 Nc6 3. Bb5 a6 4. Ba4 Nf6 5. O-O Nxe4 6. d4 b5 7. Bb3 d5 8. dxe5
Be6 9. Nbd2 Be7 10. c3 Nc5 11. Bc2 d4 12. Nb3 d3 13. Nxc5 dxc2 14. Qxd8+ Rxd8
15. Nxe6 fxe6 16. Be3 Rd5 17. Rac1 Nxe5 18. Nxe5 Rxe5 19. Rxc2 Kf7 20. c4 b4 21.
Rd1 Rd8 22. Rxd8 Bxd8 23. Kf1 Bg5 24. Bxg5 Rxg5 25. b3 Re5 26. Rd2 Ke7 27. h3 g5
28. f3 a5 29. Kf2 a4 30. Rd3 a3 31. Rd2 h5 32. g4 hxg4 33. hxg4 c6 34. Rd1 Ra5
35. Ke3 Re5+ 36. Kf2 Ra5 37. Ke3 Re5+ 1/2-1/2

[Event "54th Groningen Open 2016"]
[Site "Groningen NED"]
[Date "2016.12.22"]
[Round "2.2"]
[White "Gleizerov, Evgeny"]
[Black "Maris, Ivo"]
[Result "1/2-1/2"]
[WhiteTitle "GM"]
[BlackTitle "FM"]
[WhiteElo "2518"]
[BlackElo "2345"]
[WhiteFideId "4101332"]
[BlackFideId "1028146"]
[EventDate "2016.12.21"]

1. d4 Nf6 2. c4 g6 3. Nc3 Bg7 4. e4 O-O 5. Nf3 d6 6. Be2 e5 7. O-O Nc6 8. d5 Ne7
9. Nd2 c5 10. dxc6 bxc6 11. b4 d5 12. Ba3 Be6 13. b5 d4 14. Na4 cxb5 15. cxb5 d3
16. Bf3 Rb8 17. Nc5 Bd7 18. Nxd7 Qxd7 19. Rb1 Rfc8 20. Qb3 Bf8 21. Nc4 Qe6 22.
Ne3 Rb6 23. Qxe6 fxe6 24. Rfd1 a6 25. bxa6 Rxa6 26. Rxd3 Ra4 27. h3 Rca8 28.
Bxe7 Bxe7 29. Ng4 Rxa2 30. Rb7 Nxg4 31. Bxg4 R2a7 32. Bxe6+ Kg7 33. Rdd7 Rxb7
34. Rxb7 Kf6 35. Bd5 Rf8 36. h4 h5 37. g3 Bc5 38. Rh7 g5 39. Rc7 Bd4 40. Rc6+
Kg7 41. hxg5 Rxf2 42. Kh1 Be3 43. Re6 Bd4 44. Bc6 Rb2 45. Re8 Rb1+ 46. Kg2 Rb2+
47. Kf1 Rf2+ 48. Ke1 Rf8 49. Re6 Bf2+ 50. Ke2 Bxg3 51. Be8 h4 52. Re7+ Kh8 53.
g6 Rxe8 54. Rxe8+ Kg7 55. Kf3 Kxg6 56. Kg4 Kf7 57. Rh8 Kg7 58. Rb8 Kf6 59. Rb6+
Ke7 60. Rb3 Kf6 61. Ra3 Be1 62. Ra6+ Ke7 63. Kf5 Bg3 64. Rh6 Kd7 65. Kg4 Ke7 66.
Rc6 Kd7 67. Rc3 Ke6 68. Kg5 Be1 69. Rb3 Bg3 70. Kg6 Bf4 71. Kg7 Bg3 72. Rb6+ Ke7
73. Rh6 Be1 74. Kg6 Bg3 75. Kf5 Kd7 76. Kf6 Kd6 77. Kf7+ Kc5 78. Ke6 Kd4 79. Kf5
Ke3 80. Rxh4 Bxh4 1/2-1/2

[Event "54th Groningen Open 2016"]
[Site "Groningen NED"]
[Date "2016.12.22"]
[Round "2.3"]
[White "Hopman, Pieter"]
[Black "Ulybin, Mikhail"]
[Result "0-1"]
[WhiteTitle "FM"]
[BlackTitle "GM"]
[WhiteElo "2345"]
[BlackElo "2483"]
[WhiteFideId "1005669"]
[BlackFideId "4101405"]
[EventDate "2016.12.21"]

1. d4 e6 2. c4 f5 3. g3 Nf6 4. Bg2 d5 5. Nf3 Bd6 6. O-O c6 7. Qc2 O-O 8. Nc3 Bd7
9. Rb1 Be8 10. c5 Bc7 11. b4 a6 12. a4 Ne4 13. Nxe4 fxe4 14. Bg5 Qc8 15. Ne5 Nd7
16. Be7 Rf5 17. Bh3 Bxe5 18. Bxf5 exf5 19. dxe5 Nxe5 20. Bg5 Qe6 21. f3 Bh5 22.
Kg2 Re8 23. Qc3 exf3+ 24. exf3 Nxf3 25. Bf4 Qe4 0-1

[Event "54th Groningen Open 2016"]
[Site "Groningen NED"]
[Date "2016.12.22"]
[Round "2.4"]
[White "Ten Hertog, Hugo"]
[Black "De Jong, Migchiel"]
[Result "1/2-1/2"]
[WhiteTitle "IM"]
[BlackTitle "IM"]
[WhiteElo "2453"]
[BlackElo "2331"]
[WhiteFideId "1026356"]
[BlackFideId "1002848"]
[EventDate "2016.12.21"]

1. e4 e6 2. d4 d5 3. Nc3 Bb4 4. e5 Ne7 5. a3 Bxc3+ 6. bxc3 b6 7. Qg4 Ng6 8. h4
h5 9. Qd1 c5 10. Bb5+ Bd7 11. Bd3 Ba4 12. Nf3 Ne7 13. Bg5 Qc7 14. Rh3 Nbc6 15.
Rb1 a6 16. Rg3 c4 17. Be2 Nf5 18. Rh3 Kd7 19. Rb2 Raf8 20. Bf4 b5 21. Qd2 a5 22.
Bh2 Ra8 23. Ng5 Ke8 24. Rf3 b4 25. axb4 axb4 26. Rxf5 exf5 27. cxb4 Bb5 28. Rb1
Ra2 29. Bf3 Qd7 30. Qe3 Nd8 31. e6 fxe6 32. c3 Ba4 33. Qe5 Bc2 34. Rc1 Be4 35.
Be2 Bd3 36. Bf3 Rh6 37. Qb8 Qb7 38. Qe5 Nc6 39. Qd6 Qd7 40. Qc5 Nd8 41. Be5 Ra6
42. b5 Ra5 43. Qc7 Qxc7 44. Bxc7 Rxb5 45. Bxd8 Kxd8 46. Nf7+ Ke7 47. Nxh6 gxh6
48. Ra1 Rb3 49. Ra7+ Kd6 50. Ra6+ Kd7 51. Bd1 Rb1 52. Ra2 f4 53. Kd2 Be4 54. g3
e5 55. dxe5 fxg3 56. fxg3 Ke6 57. Ra6+ Kxe5 58. Rxh6 d4 59. Rxh5+ Kf6 60. Rh6+
Kg7 61. Re6 Bf5 62. Re5 Bg6 63. cxd4 c3+ 64. Kxc3 Rxd1 65. g4 Rc1+ 66. Kd2 Rg1
67. h5 Bf7 68. Rg5+ Kf6 69. Rf5+ Ke7 70. Rg5 Rg3 71. h6 Rh3 72. Re5+ Kf8 73. g5
Bg6 74. Re6 Bf7 75. Rf6 Ke7 76. Ra6 Bd5 77. h7 Be4 78. g6 Bxg6 1/2-1/2

[Event "54th Groningen Open 2016"]
[Site "Groningen NED"]
[Date "2016.12.22"]
[Round "2.5"]
[White "Liu, Guanchu"]
[Black "Colijn, Stefan"]
[Result "1-0"]
[WhiteTitle "IM"]
[BlackTitle "FM"]
[WhiteElo "2418"]
[BlackElo "2330"]
[WhiteFideId "8603901"]
[BlackFideId "1016199"]
[EventDate "2016.12.21"]

1. e4 e5 2. Nf3 Nc6 3. Bc4 Nf6 4. d3 Bc5 5. O-O O-O 6. c3 d6 7. a4 a6 8. h3 h6
9. Re1 Ba7 10. Nbd2 Be6 11. b4 Ne7 12. Qb3 Qd7 13. Bxe6 fxe6 14. d4 exd4 15.
Nxd4 Bxd4 16. cxd4 d5 17. exd5 exd5 18. Nf3 Ng6 19. Ne5 Qf5 20. Be3 Nh4 21. Rac1
c6 22. b5 axb5 23. axb5 cxb5 24. Rc7 Rac8 25. Rxb7 Rc2 26. Qxb5 Nxg2 27. Kxg2
Ne4 28. Qxd5+ Kh7 29. Rf7 Rxf7 30. Qxf7 Nf6 31. Qb3 Qe4+ 32. Kg1 1-0

[Event "54th Groningen Open 2016"]
[Site "Groningen NED"]
[Date "2016.12.22"]
[Round "2.7"]
[White "Vrolijk, Liam"]
[Black "Van Foreest, Lucas"]
[Result "0-1"]
[WhiteTitle "FM"]
[WhiteElo "2332"]
[BlackElo "2395"]
[WhiteFideId "1048333"]
[BlackFideId "1039792"]
[EventDate "2016.12.21"]

1. d4 Nf6 2. c4 e6 3. g3 d5 4. Nf3 c6 5. Bg2 Be7 6. O-O b6 7. Qc2 Bb7 8. Nbd2
O-O 9. e4 Na6 10. e5 Nd7 11. cxd5 Nb4 12. Qb3 cxd5 13. a3 Nc6 14. Re1 a5 15. Nf1
a4 16. Qd1 b5 17. h4 Na5 18. Bf4 Nb3 19. Rb1 Qb6 20. Ne3 Rfc8 21. h5 b4 22. g4
bxa3 23. bxa3 Bxa3 24. g5 Nf8 25. Ng4 Qc6 26. Nh4 Be7 27. Nh6+ gxh6 28. Qg4 Nd7
29. gxh6+ Kf8 30. Qg7+ Ke8 31. Ng6 fxg6 32. hxg6 Nf8 33. Bg5 Nxg6 34. Qxh7 Kd7
35. f4 Qc2 36. Bh3 Qd3 37. f5 Qxh3 0-1

[Event "54th Groningen Open 2016"]
[Site "Groningen NED"]
[Date "2016.12.22"]
[Round "2.8"]
[White "Zwirs, Nico"]
[Black "Nandhidhaa, PV"]
[Result "1-0"]
[BlackTitle "WIM"]
[WhiteElo "2388"]
[BlackElo "2251"]
[WhiteFideId "1036432"]
[BlackFideId "5050847"]
[EventDate "2016.12.21"]

1. e4 c5 2. Nf3 e6 3. b3 d6 4. Bb2 Nf6 5. e5 dxe5 6. Nxe5 Be7 7. Bd3 O-O 8. O-O
Qc7 9. f4 Nc6 10. Nxc6 Qxc6 11. Qe2 Bd7 12. Na3 Nd5 13. Nc4 Bf6 14. Ne5 Qc7 15.
Bxh7+ Kxh7 16. Qh5+ Kg8 17. Rf3 Nxf4 18. Rxf4 Be7 19. Rg4 Be8 20. Qh6 g5 21. Ng6 1-0

[Event "54th Groningen Open 2016"]
[Site "Groningen NED"]
[Date "2016.12.22"]
[Round "2.9"]
[White "Bao, Qilin"]
[Black "Anwesh, Upadhyaya"]
[Result "1/2-1/2"]
[BlackTitle "IM"]
[WhiteElo "2331"]
[BlackElo "2386"]
[WhiteFideId "8605750"]
[BlackFideId "5028949"]
[EventDate "2016.12.21"]

1. d4 d5 2. Nf3 Nf6 3. c4 e6 4. Nc3 c6 5. Bg5 Nbd7 6. cxd5 exd5 7. e3 Be7 8. Qc2
O-O 9. Bd3 Re8 10. O-O Nf8 11. Rab1 a5 12. Bf4 Ne6 13. Be5 g6 14. a3 Ng7 15. b4
axb4 16. axb4 Bf5 17. b5 Bxd3 18. Qxd3 Ra3 19. Bxf6 Bxf6 20. Ra1 Rxa1 21. Rxa1
Ne6 22. bxc6 bxc6 23. Rc1 Qa5 24. Qc2 Ra8 25. g3 Kg7 26. Kg2 Ra6 27. Qb3 Rb6 28.
Qa4 Ra6 29. Qb3 Rb6 30. Qc2 Ra6 31. Ne2 Rb6 32. Nd2 Qa3 33. Rb1 Rxb1 34. Nxb1
Qd6 35. Nbc3 c5 36. dxc5 1/2-1/2

[Event "54th Groningen Open 2016"]
[Site "Groningen NED"]
[Date "2016.12.23"]
[Round "3.1"]
[White "Ulybin, Mikhail"]
[Black "Zwirs, Nico"]
[Result "1-0"]
[WhiteTitle "GM"]
[WhiteElo "2483"]
[BlackElo "2388"]
[WhiteFideId "4101405"]
[BlackFideId "1036432"]
[EventDate "2016.12.21"]

1. d4 Nf6 2. c4 g6 3. Nc3 Bg7 4. e4 d6 5. Be2 O-O 6. Nf3 e5 7. O-O Nc6 8. d5 Ne7
9. Nd2 a5 10. a3 Bd7 11. b3 c6 12. Bb2 Ne8 13. b4 f5 14. c5 cxd5 15. Nxd5 dxc5
16. bxc5 Rc8 17. Nb6 Rxc5 18. Nb3 Rc6 19. Nxd7 Rd6 20. Bc4+ Kh8 21. Nxf8 Rxd1
22. Rfxd1 Nd6 23. Be6 Nc6 24. Nd7 Qe7 25. exf5 gxf5 26. Nbc5 Nd4 27. Nxe5 Bxe5
28. Rxd4 h5 29. Re1 Ne4 30. Rd8+ Qxd8 31. Bxe5+ Kh7 32. Bxf5+ Kh6 33. Bf4+ Kg7
34. Ne6+ 1-0

[Event "54th Groningen Open 2016"]
[Site "Groningen NED"]
[Date "2016.12.23"]
[Round "3.2"]
[White "Popov, Mikhail"]
[Black "Liu, Guanchu"]
[Result "0-1"]
[WhiteTitle "FM"]
[BlackTitle "IM"]
[WhiteElo "2369"]
[BlackElo "2418"]
[WhiteFideId "4146182"]
[BlackFideId "8603901"]
[EventDate "2016.12.21"]

1. Nf3 f5 2. d3 Nc6 3. d4 e6 4. g3 Nf6 5. Bg2 Be7 6. O-O d6 7. c4 e5 8. d5 Nb8
9. Nc3 O-O 10. e3 a5 11. a3 Qe8 12. Ne1 Nbd7 13. b3 e4 14. f4 exf3 15. Nxf3 Ng4
16. Nb5 Bd8 17. Re1 Nc5 18. Bb2 Bd7 19. b4 Ne4 20. Nbd4 Bf6 21. Qc2 Qh5 22. Ne6
Bxe6 23. dxe6 Rae8 24. bxa5 Rxe6 25. Rab1 Bxb2 26. Rxb2 Nc5 27. Qd2 Rfe8 28. Nh4
g5 29. Bd5 gxh4 30. Bxe6+ Rxe6 31. Rxb7 Ne5 32. Rb8+ Kf7 33. Qe2 Nf3+ 34. Kh1
hxg3 35. Rf1 Rxe3 36. Qa2 Nxh2 0-1

[Event "54th Groningen Open 2016"]
[Site "Groningen NED"]
[Date "2016.12.23"]
[Round "3.3"]
[White "Van Foreest, Lucas"]
[Black "Maatman, Nick"]
[Result "1-0"]
[BlackTitle "FM"]
[WhiteElo "2395"]
[BlackElo "2319"]
[WhiteFideId "1039792"]
[BlackFideId "1040391"]
[EventDate "2016.12.21"]

1. e4 c6 2. Nc3 d5 3. Nf3 Bg4 4. h3 Bxf3 5. Qxf3 e6 6. d3 Nd7 7. Bd2 Ngf6 8. g4
h6 9. Qe2 d4 10. Nd1 g5 11. c3 c5 12. f4 gxf4 13. Bxf4 Qb6 14. c4 e5 15. Bd2 Be7
16. Bg2 Nh7 17. Rb1 Bg5 18. Nf2 O-O-O 19. O-O Rdg8 20. b4 h5 21. bxc5 Qh6 22.
Bxg5 Nxg5 23. Qb2 Nxc5 24. Qa3 Nge6 25. Qxa7 hxg4 26. Nxg4 Rxg4 27. Qa8+ Kd7 28.
Rxb7+ Kd6 29. Rb6+ Ke7 30. Qa7+ Nd7 31. Rxf7+ Kxf7 32. Qxd7+ Kg8 33. Rb8+ Nf8
34. Qxg4+ 1-0

[Event "54th Groningen Open 2016"]
[Site "Groningen NED"]
[Date "2016.12.23"]
[Round "3.4"]
[White "Anwesh, Upadhyaya"]
[Black "Tiviakov, Sergei"]
[Result "0-1"]
[WhiteTitle "IM"]
[BlackTitle "GM"]
[WhiteElo "2386"]
[BlackElo "2609"]
[WhiteFideId "5028949"]
[BlackFideId "1008013"]
[EventDate "2016.12.21"]

1. d4 Nf6 2. c4 e6 3. g3 d5 4. Nf3 Be7 5. Bg2 O-O 6. O-O c6 7. Qc2 b6 8. Nbd2
Bb7 9. e4 Na6 10. a3 Nc7 11. Rd1 a5 12. b3 Rc8 13. Bb2 Re8 14. Rac1 Bf8 15. Ne5
Na6 16. Qd3 g6 17. Re1 Bg7 18. Rcd1 Rc7 19. Qf1 Qa8 20. Nd3 dxe4 21. Nxe4 Nxe4
22. Bxe4 Rd8 23. Ne5 Nb8 24. Qe2 Nd7 25. Nxf7 Kxf7 26. Bxg6+ Kg8 27. d5 Nf8 28.
d6 Rcd7 29. Bh5 c5 30. Bxg7 Rxg7 31. Bg4 Qc8 32. Rd3 Rg6 33. Red1 Qd7 34. h4 Qg7
35. Bh3 Bc6 36. Re3 Qf7 37. Bg4 Qf6 38. Kh2 Kh8 39. Bh3 e5 40. d7 e4 41. Bg2
Rxd7 42. Rxd7 Bxd7 43. Bxe4 Rg7 44. Bd5 Bg4 45. Qe1 Bh5 46. Re4 Nd7 47. Rf4 Qd6
48. Qc3 Bg6 49. Rf3 h5 50. Re3 Qf6 51. Qe1 Kh7 52. Qe2 Qd4 53. Re4 Qa1 54. Re6
Nf6 55. Bf3 Rf7 56. a4 Qd4 57. Re7 Kg7 58. Re6 Ng4+ 59. Kg2 Bd3 60. Qe1 Bf1+ 61.
Kxf1 Rxf3 62. Re7+ Rf7 63. Qe2 Qf6 64. Rxf7+ Kxf7 65. Kg2 Qf5 66. Qd2 Qe4+ 67.
Kg1 Nf6 68. Qc3 Qe2 69. Qc1 Qd3 70. Qb2 Ke6 71. Kg2 Qe4+ 72. Kg1 Ng4 73. Qd2 Nf6
74. Qd1 Qd4 75. Qe2+ Kf5 76. Qf3+ Kg6 77. Kh2 Qe4 78. Qc3 Qe2 79. Kg2 Qxf2+ 0-1